Μέθοδοι εσωτερικής αξιολόγησης πανεπιστημίων : πτυχιακή εργασία

H πτυχιακή εργασία εκπονήθηκε στα πλαίσια του προπτυχιακού προγράμματος σπουδών του τμήματος Στατιστικής & Αναλογιστικών Χρηματοοικονομικών Μαθηματικών της Σχολής Θετικών επιστημών του Πανεπιστημίου Αιγαίου. Ο τίτλος της εργασίας είναι «Μέθοδοι εσωτερικής αξιολόγησης Πανεπιστημίων» και αποτελεί...

Πλήρης περιγραφή

Αποθηκεύτηκε σε:
Λεπτομέρειες βιβλιογραφικής εγγραφής
Κύριος συγγραφέας: Αντωνοπούλου, Κυριακή
Συγγραφή απο Οργανισμό/Αρχή: Πανεπιστήμιο Αιγαίου. Σχολή Θετικών Επιστημών. Τμήμα Στατιστικής και Αναλογιστικών-Χρηματοοικονομικών Μαθηματικών
Άλλοι συγγραφείς: Στυλιανού, Στέλλα (dgsf)
Μορφή: Thesis Βιβλίο
Γλώσσα:Greek
Δημοσίευση: 2007.
Θέματα:
Διαθέσιμο Online:http://hdl.handle.net/11610/8069
Ετικέτες: Προσθήκη ετικέτας
Δεν υπάρχουν, Καταχωρήστε ετικέτα πρώτοι!

MARC

LEADER 00000cam a2200000 i 4500
001 1/77308
008 080313s2007 gr | ||| |||| ||gre||
035 |l 10095399 
040 |a GR-MyUA  |b gre  |e AACR2 
041 0 |a gre 
082 0 |a 378   |2 (22)  
100 1 |a Αντωνοπούλου, Κυριακή. 
245 1 0 |a Μέθοδοι εσωτερικής αξιολόγησης πανεπιστημίων :   |b πτυχιακή εργασία /   |c Κυριακή Αντωνοπούλου ; επιβλέπουσα καθηγήτρια, Στέλλα Στυλιανού.  
260 |c 2007.  
300 |a 135 σ. :   |b διάγρ., πιν. ;   |c 30 εκ.  
502 |a Πτυχιακή εργασία – Πανεπιστήμιο Αιγαίου, Σάμος, 2007. 
504 |a Βιβλιογραφία: σ.134-135.  
506 0 |a Διάθεση πλήρους κειμένου - Ελεύθερη πρόσβαση.  
520 |a H πτυχιακή εργασία εκπονήθηκε στα πλαίσια του προπτυχιακού προγράμματος σπουδών του τμήματος Στατιστικής & Αναλογιστικών Χρηματοοικονομικών Μαθηματικών της Σχολής Θετικών επιστημών του Πανεπιστημίου Αιγαίου. Ο τίτλος της εργασίας είναι «Μέθοδοι εσωτερικής αξιολόγησης Πανεπιστημίων» και αποτελείται από τα 5 εξής κεφάλαια :Η αξιολόγηση των Πανεπιστημίων στην Ε.Ε. - Η αξιολόγηση Πανεπιστημίων στην Ελλάδα - Το ερωτηματολόγιο αξιολόγησης μαθήματος και διδασκόντων ως εργαλείο έρευνας: Αξιολόγηση, Σημασία και Αξιοπιστία - Σχεδιασμός ερωτηματολογίων αξιολόγησης - Παράδειγμα επεξεργασίας ερωτηματολογίου αξιολόγησης του τμήματος Στατιστικής & Αναλογιστικών Χρηματοοικονομικών Μαθηματικών. Το αντικείμενο της εργασίας είναι η μελέτη των συστημάτων εσωτερικής αξιολόγησης των Πανεπιστημίων στην Ευρωπαϊκή Ένωση και στην Ελλάδα, και η αντίστοιχη νομοθεσία που εφαρμόζεται. Επιπλέον, αναλύεται η χρησιμότητα του ερωτηματολογίου ως εργαλείο έρευνας για την εσωτερική αξιολόγηση, περιγράφεται ο σχεδιασμός του, και παρουσιάζονται παραδείγματα τέτοιων ερωτηματολογίων. Τέλος, παρατίθενται τα αποτελέσματα ανάλυσης ερωτηματολογίων που δόθηκαν σε φοιτητές του Τμήματος Στατιστικής & Αναλογιστικών Χρηματοοικονομικών Μαθηματικών με θέμα την αξιολόγηση των διδασκόντων από τους φοιτητές. 
610 2 0 |a University of the Aegean  |x Dissertations. 
650 0 0 |a Universities and colleges  |z Europe  |x Evaluation. 
650 0 0 |a Universities and colleges  |z Greece  |x Evaluation. 
650 0 0 |a Dissertations, Academic  |z Greece. 
700 1 |a Στυλιανού, Στέλλα,  |e dgsf 
710 2 |a Πανεπιστήμιο Αιγαίου.   |b Σχολή Θετικών Επιστημών.   |b Τμήμα Στατιστικής και Αναλογιστικών-Χρηματοοικονομικών Μαθηματικών. 
852 |a INST  |b SAMOS  |c DIATR  |e 20080313  |h 378 ΑΝΤ  |p 005300027659  |q 005300027659  |t DIE  |y 23 
852 |a INST  |b SAMOS  |c DIATR  |e 20080313  |h 378 ΑΝΤ  |p 005300027660  |q 005300027660  |t DIE  |y 23 
856 |u http://hdl.handle.net/11610/8069 
901 |a BIBL3-2008-1 
909 |a Σ  |b 134251 
909 |a Σ  |b 134252 
924 |a ΑΝΤΩΝΟΠΟΥΛΟΥ  |b ΚΥΡΙΑΚΗ  |y Σάμος  |z 2007-11 
970 |a ΚΟΣΙΕΡΗΣ  |b ΧΡΗΣΤΟΣ  |z 2008/03/13